Anime characters by poor description - Statistics

General Stats
  • This quiz has been taken 427 times
  • The average score is 9 of 30
Answer Stats
Hint Answer % Correct
Strechy stupid child luffy
85%
Arrogant M shaped hairline vegeta
72%
Electric rodent pikachu
60%
Emo kid whose whole clan got erased from existence sasuke
59%
Suicidal blockhead eren
57%
Clean freak, fidget spinner levi
44%
Perverted pokemon trainer with no eyes brock
38%
Racist emperor that wiped out a whole race frieza
38%
Purple grape that collect stones thanos
34%
Cat who always gets bullied by a rat (has an iconic scream) tom
32%
Doesn't like the monkey smell geto
29%
Old pervert that has a turtle roshi
29%
Perverted dead man with an afro brook
28%
Bald short guy who pulled a baddie krillin
27%
Horse face jean
25%
106cm tsunade
25%
'I AM THE ONE WHO KNOCKS!' walter white
25%
Better dad than Goku piccolo
24%
The kid that stuck 10 years old for 20 years ash ketchum
21%
The goat of wii sports matt
18%
Bushy brows that got rebooted might guy
18%
Half the man he used to be (AOT) marco
16%
He just want some cupcakes edp445
11%
Streamer who is in love with a protugese man ishowspeed
11%
Red head with A LOT of screentime shanks
11%
Freckled lesbian ymir
11%
Odd shaped head baby who strives to rule the world stewie griffin
6%
Blonde delinquent with depression mikey
5%
This version of Kakarot has immense style drip goku
3%
Blue monster who just wants some balls pilaf
2%
No matching quizzes found
Score Distribution
Percent of People with Each Score
Percentile by Number Answered
Your Score History
You have not taken this quiz